• 首页
  • 本馆介绍
  • 公告通知
  • 最新文献
  • 馆藏检索
  • 电子资源
  • 读者导购
  • 参考咨询
  • 我的图书馆
  • 登录
  • 详细信息显示
  • 放入我的书架
  • 预约/预借图书
  • 作者相关作品
  • 分类相关作品
  • 丛书相关作品
  • 出版社相关作品

书目信息

  • 表格格式
  • 工作单格式
  • 卡片格式
题名:
铁合金治炼
    
 
作者: 雷斯 著 ;周进华 , 于忠 译
分册:  
出版信息: 北京   冶金工业出版社  1981
页数: 354页
开本: 20cm
丛书名:
单 册:
中图分类: TF6
科图分类:
主题词: 铁合金(炼钢原料)--熔炼
电子资源:
ISBN:
000 00643nam0 2200217 45
001 0312221749
005 20060518090625.31
010    @dCNY1.45
091    @a15062.3743
100    @a20031222d1981 km y0chiy0120 ea
101    @achi
200 1  @a铁合金治炼@ATie He Jin Zhi Lian@f(苏)M·A·雷斯著@F(su)M·A·lei si zhu@g周进华,于忠译@Gzhou jin hua,yu zhong yi
210    @a北京@c冶金工业出版社@d1981
215    @a354页@d20cm
606 0  @a铁合金(炼钢原料)@x熔炼
690    @aTF6@v3
701 0  @a雷斯@Alei si@4著
702  0 @a周进华@Azhou jin hua@4译
702  0 @a于忠@Ayu zhong@4译
801    @aCN@bTSTCL@c20060518
905    @a213230@dTF6@e2
    
    铁合金治炼/(苏)M·A·雷斯著/周进华,于忠译.-北京:冶金工业出版社,1981
    354页;20cm
    
    
    ISBN :CNY1.45
    
●
相关链接 在E读中查询图书 在五车中查询图书 在当当中查询图书 在豆瓣中查询图书


正题名:铁合金治炼     索取号:TF6/2         预约/预借

序号 登录号 条形码 馆藏地/架位号 状态 备注
1 0062340   202357485   密集书库/ [索取号:TF6/2] 在馆    
唐山师范学院图书馆 欢迎您!
大连网信软件有限公司© 版权所有